Zdaňovanie miezd slovenských zamestnancov sprostredkovaných na prácu do Českej republiky slovenským zamestnávateľom

V českom daňovom zákone z r. 1997 je upravený nový spôsob zdaňovania odmien za prácu pri tzv. medzinárodnom prenájme pracovnej sily. Zákon sa týka i slovenských robotníkov pracujúcich v ČR. Novela českého zákona o daniach z príjmov. Otázky týkajúce sa vzťahu k medzinárodnému prenájmu pracovnej sily...

Ausführliche Beschreibung

Gespeichert in:
Bibliographische Detailangaben
1. Verfasser: Dobešová, Katarína
Format: Buchkapitel
Sprache:Slowakisch
Schlagworte:
Tags: Tag hinzufügen
Keine Tags, Fügen Sie das erste Tag hinzu!

MARC

LEADER 00000naa a2200000 4500
001 r030482
005 20230919080838.1
041 0 |a slo 
044 |a SK 
245 1 0 |a Zdaňovanie miezd slovenských zamestnancov sprostredkovaných na prácu do Českej republiky slovenským zamestnávateľom  |c Katarína Dobešová - Perenyiovái 
520 |a V českom daňovom zákone z r. 1997 je upravený nový spôsob zdaňovania odmien za prácu pri tzv. medzinárodnom prenájme pracovnej sily. Zákon sa týka i slovenských robotníkov pracujúcich v ČR. Novela českého zákona o daniach z príjmov. Otázky týkajúce sa vzťahu k medzinárodnému prenájmu pracovnej sily kladené ako zo strany prenajímateľov pracovnej sily, tak zo strany nájomcov. 
610 2 0 |a dane zo mzdy 
610 2 0 |a dane z príjmov 
610 2 0 |a zdaňovanie 
610 2 0 |a sily pracovné 
610 2 0 |a robotníci 
610 2 0 |a Slovensko 
610 2 0 |a zákony 
610 2 0 |a Česko 
610 2 0 |a 1997 
100 1 |a Dobešová, Katarína